| 000 | 00552nam a2200157 i 4500 | ||
|---|---|---|---|
| 001 | 60220 | ||
| 003 | ES-MaACL | ||
| 005 | 20230906164200.0 | ||
| 007 | t| | ||
| 008 | 031103s1902 sp ||||1| spa d | ||
| 100 | 1 |
_aEscribano y García, Víctor. _947645 |
|
| 245 | 1 | 3 |
_aLa Anatomía y los anatómicos españoles del siglo XVI _b: conferencia dada en el Ateneo Médico Escolar de Granada el 7 de diciembre 1901 / _cVictor Escribano García. |
| 260 |
_aGranada : _bLópez Guevara, _c1902. |
||
| 300 |
_a48 p. ; _c24 cm. |
||
| 852 |
_aES-MaACL _jT-1007-F-5 |
||
| 999 |
_c60220 _d60220 |
||